Car make and model - Statistics

General Stats
  • This quiz has been taken 9 times
  • The average score is 9 of 15
Answer Stats
Model Answer % Correct
Cortina Ford
100%
Cooper S Mini
88%
33 Alfa Romeo
75%
126BIS Fiat
75%
X1/9 Fiat
75%
Idea Fiat
75%
Riva Lada
75%
5 Renault
75%
Lupo VW
75%
Y10 Lancia
63%
Maestro Austin
25%
Cambridge Austin
25%
Samba Talbot
25%
Acclaim Triumph
25%
Toledo Triumph
25%
No matching quizzes found
Score Distribution
Percent of People with Each Score
Percentile by Number Answered
Your Score History
You have not taken this quiz